000
00316nam a22001337a 4500
008
180227b xxu||||| |||| 00| 0 eng d
020
_a
9780201785692
041
_a
eng
080
_2
3 ed
_a
510
100
_a
38
101
_a
mat
245
_a
mathematical reasoning for elementary
_c
long.c.t
942
_2
udc
_c
BK
999
_c
43554
_d
43554